Normal view
MARC view
- Ziefert, Harriet,
Entry Nombre Personal
001 - NUMERO DE CONTROL
- campo de control: 35282
003 - IDENTIFICADOR DE NUMERO DE CONTROL
- campo de control: UPN
005 - FECHA Y HORA DE LA ÜLTIMA TRANSACCIÓN
- campo de control: 20210219194501.0
008 - DATOS DE LONGITUD FIJA
- campo de control de longitud fija: nabaccnnaabn|||||||||| b |nc|||||d
035 ## - NUMERO DE CONTROL
- Número de control: UPN11000007389
040 ## - FUENTE DE CATALOGACIÓN
- Lenguaje de catalogación: SPA
- Agencia de transcripción: UPN
100 1# - ENCABEZAMIENTO - NOMBRE PERSONAL
- Nombre personal: Ziefert, Harriet,
- Fechas asociadas con el nombre: 1941-
670 ## - FUENTE EN LA QUE SE LOCALIZARON DATOS
- Cita de la fuente: T
- Información localizada: http://www.humanities360.com/index.php/biography-harriet-ziefert-7150/
680 ## - NOTA PUBLICA DE ACCESO PÚBLICO
- Frase explicativa de la referencia: Autor estadounidense de libros infantiles, maestro en educación por la Universidad de Nueva York
902 ## - CATALOGADOR
- Catalogador: MCM/260514
